Derechos y tasas, contribuciones especiales / por Gabriel del Valle Yanguas
Descripción Física:
294 p. ; 25 cm
MARC
| LEADER | 00000nam a2200000Ia 4500 | ||
|---|---|---|---|
| 001 | 18451 | ||
| 008 | 160829s1948 xx 000 0 cat d | ||
| 080 | |a M-5-331 | ||
| 100 | |a Valle Yanguas, Gabriel del |9 23588 | ||
| 245 | |a Derechos y tasas, contribuciones especiales / por Gabriel del Valle Yanguas | ||
| 260 | |a Madrid : |b Gráficas Osca, |c 1948 | ||
| 300 | |a 294 p. ; |c 25 cm | ||
| 490 | |a Publicaciones del Instituto de Estudios de Administración Local. Haciendas Locales ; 8 ; 9 | ||
| 650 | |a Finances locals |x Espanya |9 24153 | ||
| 650 | 0 | |a Impostos locals |z Espanya |9 22277 | |
| 901 | |a Arxiu | ||
| 942 | |n 1 | ||
| 952 | |0 0 |1 0 |4 0 |6 M5331 |7 1 |9 42766 |a Arxiu |b Arxiu |d 2016-12-01 |l 0 |o M-5-331 |p 18451 |r 2016-12-01 00:00:00 |w 2016-12-01 |y ARXIU | ||
| 999 | |c 45272 |d 45272 | ||